| 000 | 00843nam a2200253 i 4500 | ||
|---|---|---|---|
| 001 | 7408 | ||
| 003 | ES-MaACL | ||
| 005 | 20250825062625.0 | ||
| 007 | t| | ||
| 008 | 901219s1990 sp |||| | spa d | ||
| 020 | _a84-239-7134-1 | ||
| 080 | _a86-343"19" | ||
| 100 | 1 |
_aJiménez Martos, Luis, _d1926-2003 _966562 |
|
| 245 | 1 | 0 |
_aLeyendas andaluzas / _cLuis Jiménez Martos ; ilustraciones de Shula Goldman. |
| 260 |
_aMadrid : _bEspasa-Calpe, _c[1990] |
||
| 300 |
_a156 p. : _bil. ; _c18 cm. |
||
| 490 | 1 |
_aAustral juvenil ; _v134 |
|
| 650 | 4 |
_aLeyendas- _zAndalucía- _vLibros infantiles. _9167981 |
|
| 655 | 7 |
_aLibros infantiles _2tgfbne _9226786 |
|
| 700 | 1 |
_aGoldman, Shula, _eil. _9195434 |
|
| 830 | 0 |
_aAustral juvenil ; _v134 _9227888 |
|
| 852 | 4 |
_aES-MaACL _jL-14693 _z- Dedicatoria autógrafa del autor |
|
| 999 |
_c7408 _d7408 |
||